عرض عادي عرض مارك
  • Nursing Process

مدخل مصطلح موضوعي

عدد التسجيلات المستخدمة في: 1

001 - رقم الضبط

  • حقل الضبط: 45745

003 - معرف رقم الضبط

  • حقل الضبط: OSt

005 - تاريخ ووقت أخر عملية

  • حقل الضبط: 20140622105441.0

008 - عناصر بيانات ثابتة الطول

  • حقل تحكم ثابت الطول: 140622|||a|||||| | ||| d

040 ## - مصدر الفهرسة

  • هيئة الفهرسة الأصلية: OSt
  • وكالة الكتابة: OSt

150 ## - مدخل-- مصطلح تاريخي

  • عنصر مدخل المصطلح الموضوعي او الاسم الجغرافي: Nursing Process
  • تفريع شكلي: Problems and Exercises.

670 ## - بيانات المصدر موجوده

  • الاستشهاد بالمصدر: Work cat.: (OSt)0: Harding, Mariann. 45743, Winningham's critical thinking cases in nursing :, c2013.